Sports Quiz

Random Sports Quiz

2016/17 St. Louis Blues Regular Season Roster Quiz Stats

 Plays Quiz not verified by Sporcle

Also try: MLB Lifers
Challenge
Share
Tweet
Embed
Score 0/32 Timer 10:00
0 Plays Today
Hint Answer % Correct
RWVladimir Tarasenko
97.1%
LWAlexander Steen
91.2%
DAlex Pietrangelo
91.2%
GJake Allen
91.2%
LWJaden Schwartz
88.2%
GCarter Hutton
88.2%
DJay Bouwmeester
85.3%
DJoel Edmundson
82.4%
CPaul Stastny
79.4%
CPatrik Berglund
79.4%
CRobby Fabbri
79.4%
RWRyan Reaves
79.4%
DColton Parayko
79.4%
DCarl Gunnarsson
73.5%
CJori Lehtera
70.6%
LWMagnus Paajarvi
67.6%
Hint Answer % Correct
RWScottie Upshall
64.7%
LWDavid Perron
64.7%
CKyle Brodziak
61.8%
CIvan Barbashev
58.8%
DRobert Bortuzzo
58.8%
LWZach Sanford
47.1%
RWTy Rattie
44.1%
LWVladimir Sobotka
44.1%
DJordan Schmaltz
41.2%
RWDmitrij Jaskin
38.2%
GPhoenix Copley
38.2%
RWNail Yakupov
35.3%
DPetteri Lindbohm
32.4%
LWKenny Agostino
29.4%
CWade Megan
26.5%
DChris Butler
8.8%

You're not logged in!

Compare scores with friends on all Sporcle quizzes.
Join for Free
OR
Log In

You Might Also Like...

Show Comments

Extras

Top Quizzes Today


Score Distribution

Your Account Isn't Verified!

In order to create a playlist on Sporcle, you need to verify the email address you used during registration. Go to your Sporcle Settings to finish the process.

Report this User

Report this user for behavior that violates our Community Guidelines.

Details: